000 01138nam a2200241 a 4500
001 000009448
005 20200929161610.0
008 090930t1948 dr 001 0 spa d
040 _aDO-SdBNP
_bspa
_cBNPHU4
082 _a291.07117293
_bP762s
100 1 _aPolanco Brito, Hugo Eduardo,
_d1918-
_924251
245 1 0 _aSeminario conciliar Santo Tomás de Aquino :
_b(1848-1948) /
_cHugo E. Polanco B.
260 _aCiudad Trujillo, República Dominicana :
_bSan Francisco,
_c1948.
_fPapelera Industrial Dominicana,
300 _a305, xxv p. ;
_c23 cm.
504 _aIncluye bibliografía y notas al pie de páginas.
504 _aBibliografía : p.7-8.
505 0 _gProemio --
_gFuentes --
_tEl Seminario conciliar durante la época colonial --
_tSeminario conciliar Santo Tomás de Aquino --
_tDocumentos --
_tComienzo glorioso de un nuevo siglo --
_gÍndice de nombres.
610 2 4 _aSEMINARIO CONCILIAR SANTO TOMÁS DE AQUINO
_xHISTORIA
_924252
650 4 _aSeminarios conciliares
_xHistoria
_924253
650 4 _aEducación religiosa
_xHistoria
_zRepública Dominicana
_924254
910 _aValidado. Control de calidad EMS.
049 _aBNPD
999 _c9208
_d9208